| 000 | 00452nam a2200157 i 4500 | ||
|---|---|---|---|
| 001 | bg | ||
| 245 | 0 | 0 |
_aElektrotechnika. _nCz. 3, _pMaszyny i urządzenia elektryczne / _cpod red. Walentego Starczakowa ; Zbigniew Piotrowski. |
| 260 |
_aŁódź, _c1973. |
||
| 700 | 1 |
_aStarczakow, Walenty. _eRed. |
|
| 700 | 1 | _aPiotrowski, Zbigniew. | |
| 040 | _cBPK | ||
| 041 | _apol | ||
| 080 | _a621.313 | ||
| 942 | _cKS | ||
| 008 | s pl f |000 0 pol | ||
| 999 |
_c34831 _d34831 |
||
| 856 |
_uhttp://koha.tu.koszalin.pl/cgi-bin/koha/opac-detail.pl?biblionumber=34831 _yKatalog online BPK |
||